Kenny Chesney Charting Songs (Billboard Hot 100) - Statistics

General Stats
  • This quiz has been taken 76 times
    11 since last reset
  • The average score is 19 of 60
Answer Stats
Album Weeks On Peak Artist(s) Song % Correct
When the Sun Goes Down 20 Weeks #26 Kenny Chesney & Uncle Kracker When the Sun Goes Down
100%
The Road and the Radio 17 Weeks #61 Kenny Chesney Beer in Mexico
78%
Cosmic Hallelujah 14 Weeks #63 Kenny Chesney All the Pretty Girls
67%
Everywhere We Go 12 Weeks #74 Kenny Chesney She Thinks My Tractor's Sexy
67%
The Big Revival 20 Weeks #23 Kenny Chesney American Kids
56%
Just Who I Am: Poets & Pirates 20 Weeks #29 Kenny Chesney Don't Blink
56%
Songs for the Saints 21 Weeks #22 Kenny Chesney Get Along
56%
Here and Now 15 Weeks #38 Kenny Chesney Here and Now
56%
When the Sun Goes Down 20 Weeks #32 Kenny Chesney I Go Back
56%
No Shoes, No Shirt, No Problems 20 Weeks #28 Kenny Chesney No Shoes, No Shirt, No Problems
56%
Greatest Hits II 20 Weeks #16 Kenny Chesney Out Last Night
56%
The Big Revival 17 Weeks #54 Kenny Chesney Save It for a Rainy Day
56%
The Road and the Radio 20 Weeks #34 Kenny Chesney Summertime
56%
Hemingway's Whiskey 20 Weeks #33 Kenny Chesney ft. Grace Potter You and Tequila
56%
When the Sun Goes Down 20 Weeks #48 Kenny Chesney Anything But Mine
44%
Just Who I Am: Poets & Pirates 20 Weeks #22 Kenny Chesney Never Wanted Nothing More
44%
Just Who I Am: Pirates & Poets 16 Weeks #47 Kenny Chesney Duet with George Strait Shiftwork
44%
Hemingway's Whiskey 20 Weeks #31 Kenny Chesney Somewhere With You
44%
No Shoes, No Shirt, No Problems 20 Weeks #22 Kenny Chesney The Good Stuff
44%
When the Sun Goes Down 20 Weeks #29 Kenny Chesney There Goes My Life
44%
No Shoes, No Shirt, No Problems 20 Weeks #35 Kenny Chesney Young
44%
Cosmic Hallelujah 1 Week #92 Kenny Chesney Bar at the End of the World
33%
No Shoes, No Shirt, No Problems 20 Weeks #28 Kenny Chesney Big Star
33%
Welcome to the Fishbowl 20 Weeks #23 Kenny Chesney Come Over
33%
Everywhere We Go 21 Weeks #27 Kenny Chesney How Forever Feels
33%
Hemingway's Whiskey 12 Weeks #61 Kenny Chesney Live a Little
33%
Life on a Rock 18 Weeks #46 Kenny Chesney Pirate Flag
33%
Cosmic Hallelujah 20 Weeks #29 Kenny Chesney ft. Pink Setting the World on Fire
33%
Hemingway's Whiskey 18 Weeks #18 Kenny Chesney The Boys of Fall
33%
The Big Revival 15 Weeks #56 Kenny Chesney with Grace Potter Wild Child
33%
Greatest Hits II 13 Weeks #50 Kenny Chesney Ain't Back Yet
22%
Just Who I Am: Pirates & Poets 17 Weeks #46 Kenny Chesney Better as a Memory
22%
Lucky Old Sun 20 Weeks #41 Kenny Chesney with The Wailers Everybody Wants To Go To Heaven
22%
Kelsea 20 Weeks #53 Kelsea Ballerini ft. Kenny Chesney Half of My Hometown
22%
Here and Now 14 Weeks #47 Kenny Chesney Happy Does
22%
Greatest Hits II 16 Weeks #32 Kenny Chesney with Dave Matthews I'm Alive
22%
The Road and the Radio 17 Weeks #48 Kenny Chesney Living in Fast Forward
22%
When the Sun Goes Down 17 Weeks #33 Kenny Chesney The Woman with You
22%
Life on a Rock 7 Weeks #84 Kenny Chesney When I See This Bar
22%
Non-Album Single 1 Week #86 Megan Moroney ft. Kenny Chesney You Had to Be There
22%
Greatest Hits 20 Weeks #26 Kenny Chesney Don't Happen Twice
11%
Lucky Old Sun 18 Weeks #47 Kenny Chesney with Mac McAnally Down the Road
11%
Welcome to the Fishbowl 13 Weeks #72 Kenny Chesney El Cerrito Place
11%
No Zip Code 13 Weeks #66 David Lee Murphy & Kenny Chesney Everything's Gonna Be Alright
11%
Welcome to the Fishbowl 7 Weeks #40 Kenny Chesney with Tim McGraw Feel Like a Rock Star
11%
Greatest Hits 20 Weeks #34 Kenny Chesney I Lost It
11%
When the Sun Goes Down 10 Weeks #64 Kenny Chesney Keg in the Closet
11%
Cosmic Hallelujah 14 Weeks #72 Kenny Chesney Noise
11%
Hemingway's Whiskey 20 Weeks #62 Kenny Chesney Reality
11%
Born 6 Weeks #71 Kenny Chesney Take Her Home
11%
I Will Stand 7 Weeks #79 Kenny Chesney That's Why I'm Here
11%
The Big Revival 14 Weeks #60 Kenny Chesney Til It's Gone
11%
Here and Now 20 Weeks #73 Kenny Chesney Tip of My Tongue
11%
The Road and the Radio 17 Weeks #37 Kenny Chesney Who You'd Be Today
11%
Everywhere We Go 20 Weeks #34 Kenny Chesney You Had Me From Hello
11%
The Road and the Radio 20 Weeks #41 Kenny Chesney You Save Me
11%
No Shoes, No Shirt, No Problems 15 Weeks #55 Kenny Chesney A Lot of Things Different
0%
License to Chill 11 Weeks #63 Jimmy Buffett with Clint Black, Kenny Chesney, Alan Jackson, Toby Keith & George Strait Hey Good Lookin'
0%
Here and Now 19 Weeks #57 Kenny Chesney Knowing You
0%
Everywhere We Go 17 Weeks #56 Kenny Chesney What I Need to Do
0%
No matching quizzes found
Score Distribution
Percent of People with Each Score
Percentile by Number Answered
Your Score History
You have not taken this quiz since the last reset